Statistics for Countries anagrams

Click here to take the quiz!

General Stats

  • This quiz has been taken 4,938 times
  • The average score is 20 of 31

Answer Stats

HintAnswer% Correct
ChainChina
94%
MailMali
91%
LaityItaly
90%
PainsSpain
89%
RainIran
88%
PurePeru
86%
AlsoLaos
83%
MoanOman
82%
PlaneNepal
81%
EnemyYemen
78%
ReignNiger
77%
AnalogAngola
76%
TangoTonga
71%
RegaliaAlgeria
69%
Grey ManGermany
66%
SerialIsrael
65%
RabiesSerbia
65%
Old PanPoland
62%
Moon RaceCameroon
55%
TearierEritrea
51%
Hot SoleLesotho
49%
Sand HourHonduras
48%
Big MuleBelgium
45%
A BisonBosnia
42%
Opera SignSingapore
42%
On RadarAndorra
39%
Road CueEcuador
39%
AcrimoniesMicronesia
39%
Earn GiantArgentina
37%
A ComedianMacedonia
36%
Shed LanternNetherlands
34%

Score Distribution

Percentile by Number Answered

Percent of People with Each Score

Your Score History

You have not taken this quiz